书目信息 |
| 题名: |
赢在幽默感, 胜在沟通力
|
|
| 作者: | 展啸风 著 | |
| 分册: | ||
| 出版信息: | 北京 中国华侨出版社 2020.5 |
|
| 页数: | 274页 | |
| 开本: | 24cm | |
| 丛书名: | ||
| 单 册: | ||
| 中图分类: | B83 , C912.11 | |
| 科图分类: | ||
| 主题词: | 幽默 (美学)--通俗读物 , 心理交往--通俗读物 | |
| 电子资源: | ||
| ISBN: | 978-7-5113-4723-7 | |
| 000 | 01176nam0 2200289 45 | |
| 001 | 012001000073 | |
| 005 | 20140817110120.0 | |
| 010 | @a978-7-5113-4723-7@dCNY54.00 | |
| 099 | @aCAL 012014136896 | |
| 100 | @a20141024d2014 em y0chiy0110 ea | |
| 101 | 0 | @achi |
| 102 | @aCN@b110000 | |
| 105 | @ay z 000yy | |
| 106 | @ar | |
| 200 | 1 | @a赢在幽默感, 胜在沟通力@Aying zai you mo gan , sheng zai gou tong li@d= Win by humor win by communication@f展啸风著@zeng |
| 210 | @a北京@c中国华侨出版社@d2020.5 | |
| 215 | @a274页@d24cm | |
| 300 | @a并列题名:Win by humor win by communication | |
| 330 | @a如何提升沟通力, 让自己的一言一语都恰如其分, 入耳入心是每个人所关心的问题, 一个懂得幽默的人也许所说的简单八个字就能产生非不寻常的影响。本书以幽默和沟通两个方面告诉读者成功的秘诀所在, 让读者在读书的同时, 体味生活的点滴。全书分为上下篇, 内容包括: 如何用幽默来提升自己 ; 如何用沟通来获取胜利。 | |
| 510 | 1 | @aWin by humor win by communication@zeng |
| 606 | 0 | @a幽默 (美学)@j通俗读物 |
| 606 | 0 | @a心理交往@j通俗读物 |
| 690 | @aB83@v5 | |
| 690 | @aC912.11@v5 | |
| 701 | 0 | @a展啸风@Azhan xiao feng@4著 |
| 801 | @aCN@bAHXH@c20210922 | |
| 905 | @b1361349-53@dB83@e413@f5 | |
| 赢在幽默感, 胜在沟通力= Win by humor win by communication/展啸风著.-北京:中国华侨出版社,2020.5 |
| 274页;24cm |
| 并列题名:Win by humor win by communication |
| ISBN 978-7-5113-4723-7:CNY54.00 |
| 如何提升沟通力, 让自己的一言一语都恰如其分, 入耳入心是每个人所关心的问题, 一个懂得幽默的人也许所说的简单八个字就能产生非不寻常的影响。本书以幽默和沟通两个方面告诉读者成功的秘诀所在, 让读者在读书的同时, 体味生活的点滴。全书分为上下篇, 内容包括: 如何用幽默来提升自己 ; 如何用沟通来获取胜利。 |
| ● |
| 相关链接 |
|
|
|
|
正题名:赢在幽默感, 胜在沟通力
索取号:B83/413
 
预约/预借
| 序号 | 登录号 | 条形码 | 馆藏地/架位号 | 状态 | 备注 |
| 1 | 1361349 | 213613491 | 第一样本阅览室/ [索取号:B83/413] | 在馆 | |
| 2 | 1361350 | 213613507 | 教育系资料室/ [索取号:B83/413] | 在馆 | |
| 3 | 1361351 | 213613516 | 教育系资料室/ [索取号:B83/413] | 在馆 | |
| 4 | 1361352 | 213613525 | 第一借阅区/ [索取号:B83/413] | 在馆 | |
| 5 | 1361353 | 213613534 | 第一借阅区/ [索取号:B83/413] | 在馆 |